Statystyki dla Państwa romańskie

Kliknij tutaj aby rozwiązać quiz!

Ogólne statystyki

  • Ten quiz został rozwiązany 28 razy
  • Średni wynik to 48 z 69

Statystyki odpowiedzi

Odpowiedź% Poprawnych
Argentyna
96%
Chile
96%
Meksyk
96%
Francja
91%
Portugalia
91%
Watykan
91%
Boliwia
87%
Brazylia
87%
Hiszpania
87%
Panama
87%
Paragwaj
87%
San Marino
87%
Szwajcaria
87%
Urugwaj
87%
Włochy
87%
Algieria
83%
Honduras
83%
Kolumbia
83%
Maroko
83%
Peru
83%
Rumunia
83%
Wenezuela
83%
Angola
78%
Belgia
78%
Ekwador
78%
Gwatemala
78%
Gwinea
78%
Kuba
78%
Nikaragua
78%
Czad
74%
Dominika
74%
Gwinea równikowa
74%
Kostaryka
74%
Mozambik
74%
Salwador
74%
Senegal
74%
Demokratyczna Republika Konga
70%
Gwinea Bissau
70%
Monako
70%
Tunezja
70%
Gabon
65%
Kongo
65%
Libia
65%
Luksemburg
65%
Mali
65%
Niger
65%
Togo
65%
Burkina Faso
61%
Kamerun
61%
Republika Środkowoafrykańska
61%
Holandia
57%
Kanada
57%
Komory
57%
Namibia
57%
Republika Zielonego Przylądka
57%
Wyspy Świętego Tomasza i Książęca
57%
Benin
52%
Dżibuti
52%
Mołdawia
52%
Republika Południowej Afryki
52%
Madagaskar
48%
Rwanda
48%
Seszele
48%
Timor Wschodni
48%
Wybrzeże Kości Słoniowej
48%
Barbados
43%
Burundi
43%
Makau
13%
Sri Lanka
13%

Rozkład punktacji

Percentyl według liczby udzielonych odpowiedzi

Procent ludzi z każdym wynikiem

Twoja historia wyników

Nie rozwiązałeś tego quizu